000 01067nmm a2200313 a 4500
001 ocm0002015452
003 TR-IsHL
005 20201028175622.0
008 181030s2011 tu tur
007 cr cn
020 _a9786055988302
035 _a2015452
_b(N$T)
050 0 4 _aPL44.9.R34
_bH3 2011
090 0 4 _aPL44.9.R34
_bH3 2011
100 1 _aRaev, Sultan Akimoviç
245 1 0 _aHaftanın beşinci günü
_h[electronic resource] /
_cSultan Akimoviç Raev ; çevirenler Orhan Söylemez, Halit Aşlar, Kemal Göz
250 _a1. Baskı
260 _aAnkara :
_bBengü Yayınları,
_c2011
300 _a168 p.
650 4 _aDil ve Edebiyat
650 4 _aLanguage and Literature
650 0 _aKırgız edebiyatı
_x Hikaye
650 0 _aKyrgyz literature
_x Stories
650 7 _aLITERARY COLLECTIONS / Russian & Former Soviet Union
_2bisacsh
700 1 _aSöylemez, Orhan
700 1 _aAşlar, Halit
700 1 _aGöz, Kemal
856 4 0 _uhttp://search.ebscohost.com/login.aspx?direct=true&scope=site&db=e011xww&AN=2015452
999 _c18755
_d18755